| 000 | 00378nam a2200133Ia 4500 | ||
|---|---|---|---|
| 008 | 220217s9999||||xx |||||||||||||| ||und|| | ||
| 020 | _a978-81-317-0885-9 | ||
| 082 | _a004.65 JOS | ||
| 100 |
_aJoseph, Joshey and Fellenstein _96717 |
||
| 245 | 0 | _aGrid computing | |
| 260 |
_aPearson education of asia _bNew Delhi _c2004 |
||
| 300 | _b400 | ||
| 650 | _aPROGRAMMING LANGUAGE | ||
| 999 |
_c179487 _d179487 |
||